| 000 | 02662cam a22005414i 4500 | ||
|---|---|---|---|
| 003 | PE-LiUPU | ||
| 005 | 20250731172950.0 | ||
| 008 | 150616s1980 sp r 000 0 spa d | ||
| 020 | _a8472285308 | ||
| 035 | _a(Sirsi) i9788472285309 | ||
| 040 |
_aPE-LiUPU _bspa _cPE-LiUPU _erda |
||
| 049 | _aPRUA | ||
| 082 | 0 | 4 |
_a248.84 _bN25 _221 |
| 100 | 1 |
_aNarramore, Bruce, _eautor. |
|
| 245 | 1 | 0 |
_aUsted es algo especial / _cBruce Narramore. |
| 264 | 1 |
_aBarcelona : _bLibros Clíe, _c1980. |
|
| 300 |
_a180 páginas ; _c18 centímetros. |
||
| 336 |
_atext _2rdacontent |
||
| 337 |
_aunmediated _2rdamedia |
||
| 338 |
_avolume _2rdacarrier |
||
| 490 | 0 | _aLibros Clie | |
| 505 | 0 | _aPuedes tenerte un buen concepto -- Las bases para aceptarse uno mismo -- El amor a uno mismo: ¿vicio o virtud? -- Jesús y yo -- La humildad: lo que es y lo que no lo es -- El comienzo de la autoaceptación -- Nuestro yo ideal -- Tres enemigos de la autoaceptación -- Depresión y autogestión -- Viéndonos desde la perspectiva cristiana -- El concepto bíblico de uno mismo -- Desprendiéndonos del sentimiento de culpa -- Autoestima, soberanía y rendición -- Colaboradores de la autoestima -- Unas palabras finales. | |
| 526 | _aSEG42 | ||
| 526 | _aSEG41 | ||
| 526 | _aSEG40 | ||
| 526 | _aSEG39 | ||
| 526 | _aP94 | ||
| 526 | _aP87 | ||
| 526 | _aP86 | ||
| 526 | _aP85 | ||
| 526 | _aP77 | ||
| 526 | _aP76 | ||
| 526 | _aP35 | ||
| 650 | 0 | 4 | _aAutoestima. |
| 910 |
_ajck _bjvq _cjck |
||
| 942 |
_2ddc _cBOOK |
||
| 949 |
_a248.84 N25 _wDEWEY _c1 _i10230 _d2016-11-11 _e2016-11-9 _lCCODEBUL1 _mBUL _n5 _r0 _sY _tBOOK _u2015-6-16 _xTEOLOGIA _zUNKNOWN _0COMPRA _o.STAFF. Colección General |
||
| 949 |
_a248.84 N25 _wDEWEY _c2 _i19393 _lCCODEBUL1 _mBUL _r0 _sY _tBOOK _u2015-4-23 _xTEOLOGIA _zUNKNOWN _0COMPRA _o.STAFF. Colección General |
||
| 949 |
_a248.84 N25 _wDEWEY _c3 _i19392 _lCCODEBUL1 _mBUL _r0 _sY _tBOOK _u2015-4-23 _xTEOLOGIA _zUNKNOWN _0COMPRA _o.STAFF. Colección General |
||
| 994 |
_aC0 _bPEPRU |
||
| 596 | _a1 | ||
| 999 |
_a248.84 N25 _wDEWEY _c21789 _i10230 _d21789 _e2017-8-7 _f2021-11-12 _g5 _lCCODEBUL1 _mBUL _n6 _p10.00 _r0 _sY _tBOOK _u2015-6-16 _xTEOLOGIA _PP35 _0COMPRA _o.STAFF. Colección Teología |
||
| 999 |
_a248.84 N25 _wDEWEY _c2 _i19393 _f2021-11-12 _g5 _lCCODEBUL1 _mBUL _r0 _sY _tBOOK _u2015-4-23 _xTEOLOGIA _zUNKNOWN _0COMPRA _o.STAFF. Colección General |
||
| 999 |
_a248.84 N25 _wDEWEY _c3 _i19392 _f2021-11-12 _g4 _lCCODEBUL1 _mBUL _r0 _sY _tBOOK _u2015-4-23 _xTEOLOGIA _zUNKNOWN _0COMPRA _o.STAFF. Colección General |
||
| 980 |
_81 _gALBERTO SANCHEZ Responsable de Automatización |
||